Catalog

Record Details

Catalog Search



Hero tales  Cover Image Book Book

Hero tales / Dave & Neta Jackson.

Jackson, Dave. (Author). Jackson, Neta. (Added Author).

Summary:

Presents biographies of missionaries, evangelists, and other Christian heroes who worked courageously to share the Gospel with others.

Record details

  • ISBN: 1556617127
  • ISBN: 1556617135
  • Physical Description: v. < 1-4 > : illustrations ; 24 cm.
  • Publisher: Minneapolis, Minn. : Bethany House Publishers, c1996-<c2001 >
Subject: Christian biography > Juvenile literature.
Missionaries > Biography > Juvenile literature.
Christian biography.
Missionaries.

Available copies

  • 1 of 1 copy available at scottsboropl.

Holds

  • 0 current holds with 1 total copy.
Show Only Available Copies
Location Call Number / Copy Notes Barcode Shelving Location Status Due Date
scottsboropl J 270 Jac 32269000760911 Juvenile - NonFiction Available -

LDR 01258cam a2200325 a 4500
001128774
003CONS
00520140703073304.0
008960603m19969999mnua c 000 0ceng
010 . ‡a 96025230
020 . ‡a1556617127
020 . ‡a1556617135
035 . ‡a(CPomAG)LMN498006
042 . ‡alcac
05000. ‡aBR1704 ‡b.J33 1996
08200. ‡a270/.092/2 ‡aB ‡220
1001 . ‡aJackson, Dave.
24510. ‡aHero tales / ‡cDave & Neta Jackson.
2461 . ‡iSubtitle on cover: ‡aFamily treasury of true stories from the lives of Christian heroes
260 . ‡aMinneapolis, Minn. : ‡bBethany House Publishers, ‡cc1996-<c2001 >
300 . ‡av. < 1-4 > : ‡billustrations ; ‡c24 cm.
520 . ‡aPresents biographies of missionaries, evangelists, and other Christian heroes who worked courageously to share the Gospel with others.
650 0. ‡aChristian biography ‡xJuvenile literature.
650 0. ‡aMissionaries ‡xBiography ‡xJuvenile literature.
650 1. ‡aChristian biography.
650 1. ‡aMissionaries.
7001 . ‡aJackson, Neta.
914 . ‡aScp_ds
959 . ‡i32269000760911 ‡lJ270 Jac ‡aJuvenile - NonFiction ‡tJuv Nonfiction ‡g12.99
852 . ‡p32269000760911 ‡jJ270 Jac ‡gJuvenile - NonFiction ‡cJuv Nonfiction ‡y12.99 ‡bSBPL
901 . ‡a128774 ‡bUnknown ‡c128774 ‡tbiblio

Additional Resources